000 01727cam a2200373 a 4500
005 20160112043050.0
008 980504t1998 nyua frb 001 0 eng
020 _a0471294063 (alk. paper)
040 _aDLC
_cDLC
_dCO-BoIAVH
041 _aeng
082 0 0 _a621.3678
_bP95p
245 0 0 _aPrinciples and applications of imaging radar /
_cedited by Floyd M. Henderson and Anthony J. Lewis.
246 1 4 _aPrinciples & applications of imaging radar
260 _aNew York :
_bJ. Wiley,
_cc1998.
300 _axxiv, 866 paginas. :
_bilustraciones.;
_c29 x 22 cm.
490 1 _aManual of remote sensing, third edition ;
_vv. 2
500 _a"Published in cooperation with the American Society for Photogrammetry and Remote Sensing."
504 _aIncludes bibliographical references and index.
650 0 _aRemote sensing.
_949401
650 0 _aRadar.
_916998
650 4 _aimágenes de radar
_xaplicaciones
_949402
650 4 _aRadas Hadware
_949403
650 4 _aFundamentos del Radar
_949404
700 1 _aHenderson, Floyd M.
_916996
700 1 _aLewis, Anthony J.
_917001
710 2 _aAmerican Society for Photogrammetry and Remote Sensing.
_916974
830 0 _vv. 2.
_949405
856 4 2 _3Contributor biographical information
_uhttp://www.loc.gov/catdir/bios/wiley041/98007865.html
856 4 2 _3Publisher description
_uhttp://www.loc.gov/catdir/description/wiley032/98007865.html
856 4 _3Table of Contents
_uhttp://www.loc.gov/catdir/toc/onix03/98007865.html
906 _a7
_bcbc
_corignew
_d1
_eocip
_f19
_gy-gencatlg
942 _2ddc
_cLIBRO
999 _c2682
_d2682